Vedecké kolokvium k záveru projektu VEGA 1/0803/10

Informácia o konaní vedeckého kolokvia k záverom projektu VEGA v dňoch 8.11.2011.

Saved in:
Bibliographic Details
Main Author: Zorkóciová, Otília, 1954-
Format: Book Chapter
Language:Slovak
Subjects:
Tags: Add Tag
No Tags, Be the first to tag this record!

MARC

LEADER 00000naa a2200000 4500
001 0148890
005 20240502072659.5
041 0 |a slo 
044 |a SK 
245 1 0 |a Vedecké kolokvium k záveru projektu VEGA 1/0803/10  |c Otília Zorkóciová 
520 |a Informácia o konaní vedeckého kolokvia k záverom projektu VEGA v dňoch 8.11.2011. 
610 2 0 |a informácie 
610 2 0 |a veda ekonomická 
610 2 0 |a obchod medzinárodný 
100 1 |a Zorkóciová, Otília, 1954-